Introduction to econometrics / (Record no. 27436)
[ view plain ]
| 000 -LEADER | |
|---|---|
| fixed length control field | 00764nam a22001817a 4500 |
| 020 ## - INTERNATIONAL STANDARD BOOK NUMBER | |
| ISBN | 9789352863501 |
| 082 00 - DEWEY DECIMAL CLASSIFICATION NUMBER | |
| Classification number | 330.015195 |
| Item number | STO-I |
| 100 1# - MAIN ENTRY--AUTHOR NAME | |
| Personal name | Stock, James H. |
| 245 10 - TITLE STATEMENT | |
| Title | Introduction to econometrics / |
| Statement of responsibility, etc | James H. Stock, Mark W. Watson. |
| 250 ## - EDITION STATEMENT | |
| Edition statement | 3rd edition |
| 260 ## - PUBLICATION, DISTRIBUTION, ETC. (IMPRINT) | |
| Place of publication | India: |
| Name of publisher | Pearson Education, |
| Year of publication | 2018. |
| 300 ## - PHYSICAL DESCRIPTION | |
| Number of Pages | 836 p. |
| 520 ## - SUMMARY, ETC. | |
| Summary, etc | this book focuses on empirical analysis, integrating data sets and real-world questions into the theoretical development of the text. It includes an introduction to program evaluation, panel data methods, instrumental variables regression, and regression with time series data. |
| 650 ## - SUBJECT ADDED ENTRY--TOPICAL TERM | |
| Topical Term | Econometrics |
| 650 ## - SUBJECT ADDED ENTRY--TOPICAL TERM | |
| Topical Term | Instrumental variables (Statistics) |
| 700 1# - ADDED ENTRY--PERSONAL NAME | |
| Personal name | Watson, Mark W. |
| 942 ## - ADDED ENTRY ELEMENTS (KOHA) | |
| Source of classification or shelving scheme | Dewey Decimal Classification |
| Koha item type | Books |
| Withdrawn status | Lost status | Damaged status | Not for loan | Home library | Current library | Date acquired | Source of acquisition | Cost, normal purchase price | Full call number | Accession Number | Cost, replacement price | Price effective from | Koha item type |
|---|---|---|---|---|---|---|---|---|---|---|---|---|---|
| NASSDOC Library | NASSDOC Library | 10/03/2022 | 7 | 583.27 | 330.015195 STO-I | 52078 | 799.00 | 10/03/2022 | Books |
